Succession pontificia (Record no. 8509)

MARC details
000 -CABECERA
campo de control de longitud fija 01394nam a2200253 a 4500
001 - NÚMERO DE CONTROL
campo de control BRCA_8858
005 - FECHA Y HORA DE LA ÚLTIMA TRANSACCIÓN
campo de control 20190320210433.0
008 - DATOS DE LONGITUD FIJA--INFORMACIÓN GENERAL
campo de control de longitud fija 160517s1731----sp-#######---#000-0#spa-#
041 ## - CÓDIGO DE LENGUA
Código de lengua del texto/banda sonora o título independiente spa
044 ## - CÓDIGO DEL PAÍS DE LA ENTIDAD EDITORA/PRODUCTORA
Código MARC del país sp
084 ## - OTRO NÚMERO DE CLASIFICACIÓN
Número de clasificación BE242
Número de documento/Ítem .A48 1731
100 1# - ENTRADA PRINCIPAL--NOMBRE DE PERSONA
Nombre de persona Alvarez de la fuente, Joseph
9 (RLIN) 22056
245 10 - MENCIÓN DE TÍTULO
Título Succession pontificia
Resto del título epitome historial de las vidas, hechos, y resoluciones de los summos pontífices, desde San Pedro, primer vicario de Christo, hasta N.Ssmo. Padre Benedicto XIII: con la chronologia universal de los días de sus elecciones, muertes, y sedes vacantes
Mención de responsabilidad, etc. escrita por el Rmo. P. Fr. Joseph Alvarez de la Fuente; dedicada al Excmo. Señor don Juan de Camargo; parte séptima.
260 ## - PUBLICACIÓN, DISTRIBUCIÓN, ETC.
Lugar de publicación, distribución, etc. Madrid
Nombre del editor, distribuidor, etc. En la Imprenta de Lorenzo Francisco Mojados
Fecha de publicación, distribución, etc. [1731?]
300 ## - DESCRIPCIÓN FÍSICA
Extensión [14], [2], 502 p. (t.7)
Dimensiones 15.3 x 10.3 cm.
500 ## - NOTA GENERAL
Nota general Con privilegio
500 ## - NOTA GENERAL
Nota general En portada: Hallarase en casa de Dionysio Ortega, Mercader de libros, en la calle de Toledo, y a su costa
500 ## - NOTA GENERAL
Nota general Estado físico: presenta encuadernación en pergamino, carece de cintas, con presencia del pez de plata, sin portada y hojas preliminares, se anexo un complemento
650 14 - PUNTO DE ACCESO ADICIONAL DE MATERIA--TÉRMINO DE MATERIA
Término de materia o nombre geográfico como elemento de entrada Iglesia católica
Subdivisión cronológica Obras anteriores a 1800
9 (RLIN) 22057
650 14 - PUNTO DE ACCESO ADICIONAL DE MATERIA--TÉRMINO DE MATERIA
Término de materia o nombre geográfico como elemento de entrada Papas
Subdivisión de forma Bibliografías
Subdivisión cronológica Obras anteriores a 1800
9 (RLIN) 21973
700 1# - PUNTO DE ACCESO ADICIONAL--NOMBRE DE PERSONA
Nombre de persona Mojados, Lorenzo Francisco
Término indicativo de función/relación Impresor
9 (RLIN) 22058
902 ## - CATALOGADOR
Iniciales CFM
942 ## - ELEMENTOS DE PUNTO DE ACCESO ADICIONAL (KOHA)
Fuente del sistema de clasificación o colocación Library of Congress Classification
Tipo de ítem Koha Libros
Holdings
Estado de retiro Estado de pérdida Estado dañado No para préstamo Localización permanente Ubicación/localización actual Fecha de adquisición Total de préstamos Signatura topográfica completa Código de barras Fecha visto por última vez Precio válido a partir de Tipo de ítem Koha
El ejemplar forma parte de la colección y puede ser consultado según las políticas vigentes.       Biblioteca del Museo Franz Mayer (Rogerio Casas-Alatriste) Biblioteca del Museo Franz Mayer (Rogerio Casas-Alatriste) 16/05/2017   BE242 .A48 1731 CFM00186 22/03/2019 22/03/2019 Libros